Il comportamento sessuale dell' uomo /

में बचाया:
ग्रंथसूची विवरण
मुख्य लेखकों: Kinsey, Alfred C. (लेखक), Pomeroy, Wardell B. (लेखक), Martin, Clyde E. (लेखक)
अन्य लेखक: Musatti, Cesare L.
स्वरूप: पुस्तक
भाषा:इतालवी
प्रकाशित: Milano : Bompiani, 1969
संस्करण:10. ed
श्रृंखला:L'uomo ; 7
विषय:
टैग: टैग जोड़ें
कोई टैग नहीं, इस रिकॉर्ड को टैग करने वाले पहले व्यक्ति बनें!

MARC

LEADER 00000nam a22000007i 4500
001 IT\ICCU\MOD\0047497
003 ItRI
005 20240220195454.0
008 010330s1969 it |||||| ||||| |||||c
040 |b ita  |c GP 
041 7 |a ita  |2 ISO-639-2 
100 1 |a Kinsey, Alfred C.  |0 IT\ICCU\RAVV\055906  |4 aut 
245 1 3 |a Il comportamento sessuale dell' uomo /  |c Alfred C. Kinsey, Wardell B. Pomeroy, Clyde E. Martin ; prefazione di Cesare L. Musatti. 
250 |a 10. ed 
260 |a Milano :  |b Bompiani,  |c 1969 
300 |a XXII, 561 p. ;  |c 21 cm 
650 7 |a Uomo  |x Comportamento sessuale 
700 1 |a Musatti, Cesare L.  |0 IT\ICCU\CFIV\006005 
700 1 |a Pomeroy, Wardell B.  |0 IT\ICCU\RAVV\055907  |4 aut 
700 1 |a Martin, Clyde E.  |0 IT\ICCU\RAVV\055908  |4 aut 
830 2 |a L'uomo ;  |v 7  |0 IT\ICCU\CUB\0086430 
942 |2 ddc  |c BK 
952 |0 0  |1 0  |2 ddc  |4 0  |6 155_300000000000000_KIN  |7 1  |9 705  |a RM  |b RM  |d 2024-02-20  |l 0  |o 155.3 KIN  |p 293  |r 2024-02-20 19:55:23  |w 2024-02-20  |y BK 
981 1 |6 z01  |a i   |b xxxe  
982 1 |6 z01  |a n 
999 |c 661  |d 661